[Event "Campeonato de Europa 2011 Femenino"]
[Site "Tbilisi GEO"]
[Date "2011.05.12"]
[Round "6.38"]
[White "Severiukhina, Zoja"]
[Black "Mammadova, Aysel Alishiraz Qiz"]
[Result "1-0"]
[WhiteElo "2291"]
[BlackElo "1964"]
[PlyCount "89"]
[EventDate "2011.05.07"]
[EventType "swiss"]
[EventRounds "11"]
[EventCountry "GEO"]
[Source "lmi"]
[SourceDate "2011.05.07"]

1. e4 e5 2. Nf3 Nc6 3. Bb5 a6 4. Ba4 Nf6 5. O-O Be7 6. Re1 b5 7. Bb3 d6 8. c3
O-O 9. h3 Na5 10. Bc2 c5 11. d4 Qc7 12. d5 Bd7 13. b3 Rfb8 14. Nh2 Ne8 15. Nd2
Nb7 16. Ndf1 Nd8 17. Ng3 g6 18. Ng4 f6 19. f4 Nf7 20. f5 g5 21. h4 h6 22. Kf2
Bf8 23. Nh5 Bg7 24. Rh1 c4 25. b4 a5 26. Nxg7 Kxg7 27. Nxh6 Nxh6 28. hxg5 Ng8
29. g6 Kf8 30. Rh7 Ng7 31. Rxg7 Kxg7 32. Qh5 Qa7+ 33. Be3 Qxe3+ 34. Kxe3 Nh6
35. a3 a4 36. Qf3 Rh8 37. g4 Raf8 38. Kd2 Ng8 39. Rh1 Ne7 40. g5 Nc8 41. gxf6+
Kxf6 42. g7 Kxg7 43. Qg4+ Kf6 44. Qg6+ Ke7 45. Rxh8 1-0

[Event "Campeonato de Europa 2011 Femenino"]
[Site "Tbilisi GEO"]
[Date "2011.05.12"]
[Round "6.39"]
[White "Ibrahimova, Sabina Oqtay qizi"]
[Black "Ziaziulkina, Nastassia"]
[Result "1-0"]
[WhiteElo "2078"]
[BlackElo "2291"]
[PlyCount "45"]
[EventDate "2011.05.07"]
[EventType "swiss"]
[EventRounds "11"]
[EventCountry "GEO"]
[Source "lmi"]
[SourceDate "2011.05.07"]

1. e4 c5 2. Nf3 d6 3. d4 cxd4 4. Nxd4 Nf6 5. Nc3 a6 6. f4 e5 7. Nf3 Nbd7 8. Bd3
Be7 9. O-O b5 10. Qe1 Bb7 11. a3 O-O 12. fxe5 dxe5 13. Kh1 Nc5 14. Nxe5 Rc8 15.
Qe2 Bd6 16. Nf3 Re8 17. Bg5 Qe7 18. Rae1 Qe6 19. e5 Qg4 20. Qd2 Nfe4 21. Nxe4
Nxe4 22. Bxe4 Bxe4 23. exd6 1-0

[Event "Campeonato de Europa 2011 Femenino"]
[Site "Tbilisi GEO"]
[Date "2011.05.12"]
[Round "6.40"]
[White "Kharatyan, Anahit"]
[Black "Tsatsalashvili, Keti"]
[Result "0-1"]
[WhiteElo "2064"]
[BlackElo "2280"]
[PlyCount "92"]
[EventDate "2011.05.07"]
[EventType "swiss"]
[EventRounds "11"]
[EventCountry "GEO"]
[Source "lmi"]
[SourceDate "2011.05.07"]

1. e4 c5 2. Nc3 d6 3. g3 g6 4. Bg2 Bg7 5. d3 Nc6 6. Be3 Rb8 7. Qd2 b5 8. f4 b4
9. Nd1 Nd4 10. h3 Bd7 11. Nf3 Qc8 12. Bxd4 cxd4 13. Qf2 Qc5 14. O-O h5 15. e5
dxe5 16. fxe5 Nh6 17. c3 bxc3 18. bxc3 O-O 19. cxd4 Qa3 20. Ng5 Qxd3 21. Be4
Qa3 22. Ne3 Bb5 23. Rfb1 e6 24. Rb3 Qe7 25. Nf3 Ba4 26. Rc3 Rfc8 27. Rxc8+ Rxc8
28. Rb1 Qa3 29. Kg2 Nf5 30. Bxf5 gxf5 31. Qe2 Bh6 32. Nc4 Qc3 33. Nd6 Qc2 34.
Rb2 Qxe2+ 35. Rxe2 Rc3 36. d5 Bd1 37. Rf2 Be3 38. dxe6 fxe6 39. Nb5 Rc5 40. Rb2
Bc1 41. Rb1 Rc2+ 42. Kf1 Bxf3 43. Nd4 Bg2+ 44. Ke1 Bd2+ 45. Kf2 Rxa2 46. Kxg2
Bc3+ 0-1

[Event "Campeonato de Europa 2011 Femenino"]
[Site "Tbilisi GEO"]
[Date "2011.05.12"]
[Round "6.42"]
[White "Tereladze, Sopiko"]
[Black "Houska, Jovanka"]
[Result "1-0"]
[WhiteElo "2177"]
[BlackElo "2429"]
[PlyCount "73"]
[EventDate "2011.05.07"]
[EventType "swiss"]
[EventRounds "11"]
[EventCountry "GEO"]
[Source "lmi"]
[SourceDate "2011.05.07"]

1. e4 c6 2. d4 d5 3. exd5 cxd5 4. c4 Nf6 5. Nc3 e6 6. Nf3 Bb4 7. cxd5 Nxd5 8.
Bd2 Nc6 9. Bd3 Be7 10. O-O O-O 11. Re1 Bf6 12. Ne4 Nxd4 13. Nxf6+ Qxf6 14. Nxd4
Qxd4 15. Bc3 Qf4 16. Be5 Qh6 17. Qa4 Rd8 18. Re4 Nb6 19. Rd4 Bd7 20. Qb4 Nd5
21. Qxb7 Rac8 22. h3 Qg5 23. Bg3 Bc6 24. Qxa7 Rd7 25. Qa3 Ra8 26. Qc5 Bb7 27.
Qc2 f5 28. Bc4 Rc8 29. Qe2 Qf6 30. Qe5 Qg6 31. Re1 Kf7 32. a4 h5 33. a5 h4 34.
Rf4 Nxf4 35. Qxf4 Qf6 36. Bxe6+ Ke7 37. Bxh4 1-0

[Event "Campeonato de Europa 2011 Femenino"]
[Site "Tbilisi GEO"]
[Date "2011.05.12"]
[Round "6.43"]
[White "Zhukova, Natalia"]
[Black "Hairapetian, Anna"]
[Result "1-0"]
[WhiteElo "2428"]
[BlackElo "2128"]
[PlyCount "89"]
[EventDate "2011.05.07"]
[EventType "swiss"]
[EventRounds "11"]
[EventCountry "GEO"]
[Source "lmi"]
[SourceDate "2011.05.07"]

1. d4 Nf6 2. Nf3 g6 3. c4 c5 4. Nc3 Bg7 5. d5 d6 6. e4 b5 7. cxb5 a6 8. a4 O-O
9. h3 Nbd7 10. Be3 Ne8 11. Be2 Nc7 12. O-O axb5 13. axb5 Rxa1 14. Qxa1 Nb6 15.
Qa7 Nca8 16. Ra1 f5 17. Bg5 Bd7 18. exf5 Rxf5 19. Qb7 h6 20. Bd2 Rf8 21. Ra7
Qb8 22. b3 Qxb7 23. Rxb7 Bxc3 24. Bxc3 Nxd5 25. Bd2 Nab6 26. Bc4 Nxc4 27. bxc4
Nf6 28. Bxh6 Ra8 29. Bg5 Rd8 30. Ra7 Kf7 31. Bd2 Rb8 32. Ba5 Bc8 33. Bd8 Nd7
34. Ng5+ Kf6 35. h4 Rb7 36. Ra8 Rb8 37. Ra7 Rb7 38. Ra6 Ke5 39. Rc6 Rb8 40.
Bxe7 Kd4 41. Bxd6 Ra8 42. Bf4 Kxc4 43. Nf7 Kd5 44. Nd6 Nf6 45. Nxc8 1-0

[Event "Campeonato de Europa 2011 Femenino"]
[Site "Tbilisi GEO"]
[Date "2011.05.12"]
[Round "6.44"]
[White "Sharevich, Anna"]
[Black "Alexanian, Nelli"]
[Result "1-0"]
[WhiteElo "2378"]
[BlackElo "2141"]
[PlyCount "135"]
[EventDate "2011.05.07"]
[EventType "swiss"]
[EventRounds "11"]
[EventCountry "GEO"]
[Source "lmi"]
[SourceDate "2011.05.07"]

1. d4 d5 2. Nf3 c6 3. c4 e6 4. Qc2 dxc4 5. Qxc4 b5 6. Qd3 Nf6 7. g3 Bb7 8. Bg2
Nbd7 9. O-O Be7 10. Nc3 O-O 11. Rd1 b4 12. Na4 Qa5 13. b3 c5 14. Bb2 Be4 15.
Qe3 c4 16. a3 bxa3 17. Bxa3 Bxa3 18. Rxa3 Bc2 19. Rda1 cxb3 20. Nd2 Nd5 21.
Nxb3 Nxe3 22. Nxa5 Nxg2 23. Kxg2 Rfc8 24. Nc3 Rab8 25. R1a2 Bg6 26. f3 f5 27.
Rd2 Kf8 28. Na4 Bf7 29. Nb3 Nb6 30. Nxb6 axb6 31. Ra4 Rc3 32. Rb4 e5 33. Nc5
Rd8 34. Na4 Rc6 35. Nxb6 exd4 36. Na4 Rc4 37. Rxc4 Bxc4 38. Nb2 Ba6 39. e3 d3
40. Kf2 Rc8 41. e4 fxe4 42. fxe4 Bb7 43. e5 Ke7 44. Nxd3 Ke6 45. Ke3 Rc4 46.
Rb2 Bh1 47. Rb5 g5 48. Rb6+ Ke7 49. Ra6 Re4+ 50. Kd2 Rd4 51. Ra7+ Kf8 52. Kc3
Rd5 53. Kc4 h5 54. Nc5 Ke8 55. e6 Re5 56. Rh7 g4 57. Na6 Bc6 58. Nc7+ Kf8 59.
Kd4 Re4+ 60. Kc5 Ba4 61. Kd6 Re2 62. Rxh5 Re1 63. Rf5+ Kg7 64. e7 Rd1+ 65. Rd5
Re1 66. Rg5+ Kf7 67. Rxg4 Re2 68. Rxa4 1-0

[Event "Campeonato de Europa 2011 Femenino"]
[Site "Tbilisi GEO"]
[Date "2011.05.12"]
[Round "6.45"]
[White "Szczepkowska-Horowska, Karina"]
[Black "Motycakova, Monika"]
[Result "1-0"]
[WhiteElo "2336"]
[BlackElo "2107"]
[PlyCount "102"]
[EventDate "2011.05.07"]
[EventType "swiss"]
[EventRounds "11"]
[EventCountry "GEO"]
[Source "lmi"]
[SourceDate "2011.05.07"]

1. e4 e5 2. Nf3 Nc6 3. Bb5 a6 4. Ba4 Nf6 5. O-O Be7 6. Bxc6 dxc6 7. d3 Bd6 8.
Nbd2 Be6 9. b3 c5 10. Bb2 Nd7 11. Nc4 f6 12. Nh4 g6 13. Nf3 Bf8 14. Qd2 Bg7 15.
a4 Qe7 16. Ne3 O-O 17. Rfe1 b6 18. a5 Nb8 19. Nc4 b5 20. Ne3 Nc6 21. Ba3 Rad8
22. Qe2 Qd6 23. h3 Nd4 24. Nxd4 Qxd4 25. Rab1 Rf7 26. Nf1 Rfd7 27. Nd2 Bh6 28.
Nf3 Qd6 29. Rbd1 Qc6 30. Nd2 Qd6 31. Nf1 Qc6 32. Ne3 Qd6 33. Qf3 Bg7 34. Nf1
Qc6 35. Nd2 Qd6 36. Qe3 Bf8 37. Nf3 Qc6 38. g4 b4 39. Bb2 c4 40. bxc4 Bxc4 41.
Rc1 Bf7 42. g5 Bc5 43. Qe2 Re8 44. Kg2 f5 45. Nxe5 Rxe5 46. Bxe5 Re7 47. Bf6
fxe4 48. d4 e3+ 49. f3 Rd7 50. Qxe3 Bd5 51. dxc5 Bxf3+ 1-0

[Event "Campeonato de Europa 2011 Femenino"]
[Site "Tbilisi GEO"]
[Date "2011.05.12"]
[Round "6.46"]
[White "Stojanovic, Andjelija"]
[Black "Khalafova, Narmin Ilgar qizi"]
[Result "1-0"]
[WhiteElo "2326"]
[BlackElo "2065"]
[PlyCount "90"]
[EventDate "2011.05.07"]
[EventType "swiss"]
[EventRounds "11"]
[EventCountry "GEO"]
[Source "lmi"]
[SourceDate "2011.05.07"]

1. c4 g6 2. g3 Bg7 3. Bg2 d6 4. Nc3 Nf6 5. e4 O-O 6. Nge2 c5 7. O-O Nc6 8. d3
a6 9. h3 Ne8 10. Be3 Nd4 11. Rb1 Rb8 12. b4 Nxe2+ 13. Nxe2 cxb4 14. Rxb4 b5 15.
e5 Bxe5 16. Ba7 Rb7 17. Bxb7 Bxb7 18. f4 Bg7 19. Kh2 Qd7 20. Be3 Nf6 21. Nd4 e5
22. Nf3 Nh5 23. fxe5 dxe5 24. cxb5 axb5 25. Ng5 f5 26. g4 Nf6 27. gxf5 gxf5 28.
Rh4 Ra8 29. Rf2 Ra3 30. Rd2 Qd5 31. Qg1 h6 32. Ne4 fxe4 33. Bxh6 Qf7 34. Bxg7
Qxg7 35. Rg2 Rxa2 36. Rxa2 Qxg1+ 37. Kxg1 exd3 38. Rb4 Bd5 39. Rf2 Ne4 40. Rxb5
Nc3 41. Rc5 Ne2+ 42. Kf1 Bb3 43. Rxe2 dxe2+ 44. Kxe2 Kg7 45. Rxe5 Bf7 1-0

[Event "Campeonato de Europa 2011 Femenino"]
[Site "Tbilisi GEO"]
[Date "2011.05.12"]
[Round "6.47"]
[White "Shaydullina, Sandugach"]
[Black "Nikoladze, Sopio"]
[Result "1-0"]
[WhiteElo "2160"]
[BlackElo "2278"]
[PlyCount "101"]
[EventDate "2011.05.07"]
[EventType "swiss"]
[EventRounds "11"]
[EventCountry "GEO"]
[Source "lmi"]
[SourceDate "2011.05.07"]

1. d4 e6 2. c4 Nf6 3. Nc3 Bb4 4. Qc2 O-O 5. e4 d5 6. e5 Ne4 7. Bd3 c5 8. Nf3
Nd7 9. O-O cxd4 10. Nxe4 dxe4 11. Bxe4 h6 12. Rd1 Qc7 13. a3 Be7 14. Bf4 a6 15.
Bg3 Nb6 16. Rxd4 Bc5 17. Bh7+ Kh8 18. Rh4 Be7 19. Rd4 Bd7 20. Be4 Bc5 21. Rdd1
a5 22. Nd4 Rac8 23. Rac1 Qb8 24. Qe2 Ba4 25. Bc2 Bxc2 26. Rxc2 a4 27. Nb5 Rc6
28. Nd6 Nd7 29. Qh5 Bxd6 30. exd6 Rc5 31. Qe2 Rfc8 32. h3 R8c6 33. Qd3 Qc8 34.
Bf4 Rxc4 35. Rxc4 Rxc4 36. Bd2 Qc6 37. Bc3 Rc5 38. Qe3 Kg8 39. Rd4 Re5 40. Qd3
Rg5 41. g3 b5 42. h4 Rf5 43. Rg4 f6 44. Rd4 Kf7 45. f4 h5 46. Qe3 e5 47. Rd2
Ke6 48. Qe2 Nb6 49. d7 Nxd7 50. Bb4 Qb6+ 51. Kh2 1-0

[Event "Campeonato de Europa 2011 Femenino"]
[Site "Tbilisi GEO"]
[Date "2011.05.12"]
[Round "6.48"]
[White "Mumladze, Maia"]
[Black "Olsarova, Tereza"]
[Result "0-1"]
[WhiteElo "1517"]
[BlackElo "2234"]
[PlyCount "48"]
[EventDate "2011.05.07"]
[EventType "swiss"]
[EventRounds "11"]
[EventCountry "GEO"]
[Source "lmi"]
[SourceDate "2011.05.07"]

1. d4 c5 2. d5 Nf6 3. c4 e6 4. Nc3 exd5 5. Nxd5 Nxd5 6. Qxd5 Nc6 7. Nf3 Be7 8.
Bd2 O-O 9. a3 d6 10. e3 Bf6 11. Rb1 Re8 12. Be2 g6 13. Bc3 Bxc3+ 14. bxc3 Be6
15. Qd2 Na5 16. Qa2 Qf6 17. Rc1 b5 18. Nd2 bxc4 19. Nxc4 Qh4 20. O-O Bxc4 21.
Qb2 Rab8 22. Qc2 Bxe2 23. Qxe2 Qc4 24. Qxc4 Nxc4 0-1

[Event "Campeonato de Europa 2011 Femenino"]
[Site "Tbilisi GEO"]
[Date "2011.05.12"]
[Round "6.49"]
[White "Khmiadashvili, Tamar"]
[Black "Edes, Zsofia"]
[Result "0-1"]
[WhiteElo "2204"]
[BlackElo "2043"]
[PlyCount "92"]
[EventDate "2011.05.07"]
[EventType "swiss"]
[EventRounds "11"]
[EventCountry "GEO"]
[Source "lmi"]
[SourceDate "2011.05.07"]

1. d4 d5 2. c3 e6 3. Bf4 Bd6 4. Bg3 c5 5. e3 Nf6 6. Nd2 Nc6 7. Ngf3 O-O 8. Bd3
Qe7 9. Ne5 Nd7 10. f4 Qe8 11. Nxc6 bxc6 12. O-O f6 13. e4 f5 14. e5 Be7 15. Bf2
a5 16. Qe2 Qd8 17. g4 Qb6 18. gxf5 exf5 19. Nf3 Ba6 20. c4 cxd4 21. cxd5 Bxd3
22. Qxd3 cxd5 23. Kh1 Nc5 24. Qxd4 Qe6 25. Qd1 Ne4 26. Rc1 Kh8 27. Nd4 Qh6 28.
Be1 Bc5 29. Rf3 Rab8 30. b3 Rbc8 31. Ne2 Rfd8 32. Qd3 Bg1 33. Rh3 Rxc1 34. Rxh6
Rxe1 35. Rxh7+ Kxh7 36. Kg2 Bc5 37. Nc3 Rg1+ 38. Kf3 Rf1+ 39. Kg2 Rg1+ 40. Kf3
Rf1+ 41. Kg2 Rf2+ 42. Kh1 Rd2 43. Qh3+ Kg6 44. Qh4 Nf2+ 45. Kg2 Ng4+ 46. Kf3
Rxh2 0-1

[Event "Campeonato de Europa 2011 Femenino"]
[Site "Tbilisi GEO"]
[Date "2011.05.12"]
[Round "6.50"]
[White "Lauterbach, Ingrid"]
[Black "Girya, Olga"]
[Result "0-1"]
[WhiteElo "2100"]
[BlackElo "2394"]
[PlyCount "58"]
[EventDate "2011.05.07"]
[EventType "swiss"]
[EventRounds "11"]
[EventCountry "GEO"]
[Source "lmi"]
[SourceDate "2011.05.07"]

1. c4 e5 2. Nc3 Nf6 3. g3 c6 4. Bg2 d5 5. cxd5 cxd5 6. d4 exd4 7. Qxd4 Nc6 8.
Qa4 d4 9. Nb1 Bb4+ 10. Bd2 Bxd2+ 11. Nxd2 O-O 12. Ngf3 Re8 13. Kf1 Nd5 14. a3
Nb6 15. Qc2 Be6 16. h4 h6 17. Kg1 Rc8 18. Qd1 Nc4 19. b3 Nb6 20. b4 Nd5 21. Ne4
Bf5 22. b5 Na5 23. Nfd2 Nc3 24. Nxc3 dxc3 25. Nf3 Qxd1+ 26. Rxd1 c2 27. Rc1 Nb3
28. Kh2 Nxc1 29. Rxc1 Red8 0-1

[Event "Campeonato de Europa 2011 Femenino"]
[Site "Tbilisi GEO"]
[Date "2011.05.12"]
[Round "6.51"]
[White "Rizhamadze, Patman"]
[Black "Aginian, Nelly"]
[Result "0-1"]
[WhiteElo "2052"]
[BlackElo "2284"]
[PlyCount "64"]
[EventDate "2011.05.07"]
[EventType "swiss"]
[EventRounds "11"]
[EventCountry "GEO"]
[Source "lmi"]
[SourceDate "2011.05.07"]

1. d4 d5 2. Nf3 Nf6 3. c4 c6 4. e3 e6 5. Qc2 Nbd7 6. Nc3 Bd6 7. Bd3 dxc4 8.
Bxc4 O-O 9. O-O a6 10. a4 c5 11. dxc5 Bxc5 12. b3 h6 13. Rd1 Qe7 14. Bb2 Nb6
15. Be2 Nbd5 16. Nxd5 Nxd5 17. Qe4 b6 18. Qe5 f6 19. Qh5 Qf7 20. Qh4 Bb7 21.
Nd4 f5 22. Qh5 Qe7 23. Bc4 Rad8 24. Qg6 Rf6 25. Qh5 Rff8 26. Qg6 Rf6 27. Qh5
Kh7 28. Qh4 Qe8 29. Nf3 Rg6 30. e4 Rg4 31. Qh3 Nf4 32. Qxg4 fxg4 0-1

[Event "Campeonato de Europa 2011 Femenino"]
[Site "Tbilisi GEO"]
[Date "2011.05.12"]
[Round "6.52"]
[White "Guliyeva, Sabina Ilqar qizi"]
[Black "Ozturk, Kubra"]
[Result "0-1"]
[WhiteElo "2040"]
[BlackElo "2262"]
[PlyCount "64"]
[EventDate "2011.05.07"]
[EventType "swiss"]
[EventRounds "11"]
[EventCountry "GEO"]
[Source "lmi"]
[SourceDate "2011.05.07"]

1. e4 e5 2. Nf3 Nc6 3. Bc4 Nf6 4. O-O Nxe4 5. Re1 Be7 6. Rxe4 d5 7. Nxe5 Nxe5
8. Bxd5 Qxd5 9. Nc3 Qd6 10. Nb5 Qc5 11. a4 Ng6 12. d4 Qb6 13. Qe2 Bd7 14. Nc3
c6 15. h4 h5 16. d5 O-O-O 17. Rxe7 Nxe7 18. Qxe7 Rde8 19. a5 Qc7 20. d6 Rxe7
21. dxc7 Re1+ 22. Kh2 Rhe8 23. f3 Bf5 24. b4 Kxc7 25. Ne4 Kd7 26. Nc5+ Kc8 27.
a6 bxa6 28. Bb2 Rxa1 29. Bxa1 f6 30. c4 Re1 31. Bd4 Rc1 32. Nxa6 Rxc4 0-1

[Event "Campeonato de Europa 2011 Femenino"]
[Site "Tbilisi GEO"]
[Date "2011.05.12"]
[Round "6.53"]
[White "Unapkoshvili, Nani"]
[Black "Umudova, Nargiz"]
[Result "1/2-1/2"]
[WhiteElo "1970"]
[BlackElo "2230"]
[PlyCount "109"]
[EventDate "2011.05.07"]
[EventType "swiss"]
[EventRounds "11"]
[EventCountry "GEO"]
[Source "lmi"]
[SourceDate "2011.05.07"]

1. d4 Nf6 2. c4 c5 3. d5 e5 4. Nc3 d6 5. e4 Be7 6. g3 O-O 7. Bg2 Ne8 8. Nge2 g6
9. O-O f5 10. f4 exf4 11. Bxf4 Nd7 12. exf5 g5 13. Bd2 Ne5 14. f6 Bxf6 15. Ne4
h6 16. Nxf6+ Nxf6 17. Qc2 Bg4 18. Bc3 Nfd7 19. Rxf8+ Qxf8 20. Rf1 Qe7 21. b3
Rf8 22. Rxf8+ Qxf8 23. Nc1 Qe8 24. h3 Bh5 25. Qf5 Bf7 26. Ne2 b6 27. Kh2 Qe7
28. g4 Ng6 29. Qe4 Qf8 30. Ng3 Nge5 31. Qf5 Bg6 32. Qxf8+ Kxf8 33. Be4 Kf7 34.
Nf5 Bxf5 35. Bxf5 Nf6 36. Kg3 Ke7 37. h4 b5 38. hxg5 hxg5 39. cxb5 Nxd5 40. Bd2
Kf6 41. Be4 Nc7 42. a4 d5 43. Ba5 Nxb5 44. Bd8+ Kg7 45. Bxd5 Nc3 46. Bb7 Ne2+
47. Kf2 Nd4 48. Bxg5 Nxg4+ 49. Kg3 Nf6 50. Kf2 Nxb3 51. Ke3 c4 52. Bxf6+ Kxf6
53. Bd5 Nc5 54. Bxc4 Nxa4 55. Kd4 1/2-1/2

[Event "Campeonato de Europa 2011 Femenino"]
[Site "Tbilisi GEO"]
[Date "2011.05.12"]
[Round "6.54"]
[White "Fakhiridou, Ekaterini"]
[Black "Boyard, Marie"]
[Result "1-0"]
[WhiteElo "2225"]
[BlackElo "1989"]
[PlyCount "79"]
[EventDate "2011.05.07"]
[EventType "swiss"]
[EventRounds "11"]
[EventCountry "GEO"]
[Source "lmi"]
[SourceDate "2011.05.07"]

1. e4 e5 2. Nf3 Nc6 3. Nc3 Bc5 4. Bb5 Nf6 5. O-O O-O 6. Nxe5 Re8 7. Nf3 Nxe4 8.
Nxe4 Rxe4 9. c3 d5 10. d4 Bd6 11. Bd3 Bg4 12. Be3 Qf6 13. Be2 Rae8 14. g3 Qe7
15. Qb3 Bh3 16. Qxd5 Bxf1 17. Rxf1 Rxe3 18. fxe3 Qxe3+ 19. Rf2 Nd8 20. Kg2 Qe6
21. Qb5 a6 22. Qa4 h6 23. Bc4 b5 24. Bxe6 bxa4 25. Bd7 Re7 26. Bxa4 Ne6 27. Nd2
Ng5 28. Bb3 c6 29. Ba4 Rc7 30. Re2 Kf8 31. Nc4 Be7 32. Ne5 c5 33. Nd7+ Ke8 34.
Nxc5+ Kd8 35. Nd3 Ne6 36. Ne5 Bf6 37. Nxf7+ Rxf7 38. Rxe6 Rb7 39. Re2 a5 40.
Kf3 1-0

[Event "Campeonato de Europa 2011 Femenino"]
[Site "Tbilisi GEO"]
[Date "2011.05.12"]
[Round "6.55"]
[White "Asgarova, Turan Nizami qizi"]
[Black "Khazhomia, Salome"]
[Result "0-1"]
[WhiteElo "1957"]
[BlackElo "2152"]
[PlyCount "88"]
[EventDate "2011.05.07"]
[EventType "swiss"]
[EventRounds "11"]
[EventCountry "GEO"]
[Source "lmi"]
[SourceDate "2011.05.07"]

1. e4 e6 2. d4 d5 3. exd5 exd5 4. c4 c6 5. Nc3 Nf6 6. Bd3 Be6 7. Qe2 Be7 8. Nf3
dxc4 9. Bxc4 Bxc4 10. Qxc4 O-O 11. O-O Nbd7 12. Be3 Nb6 13. Qb3 Nfd5 14. Ne5
Bf6 15. Nd3 Re8 16. Rae1 Qc7 17. Nb4 Nxb4 18. Qxb4 Qe7 19. Qxe7 Rxe7 20. b3 Rd8
21. Rd1 Red7 22. Ne2 c5 23. d5 Nxd5 24. Rd3 Nxe3 25. Rxe3 Rd2 26. a4 Rb2 27. g3
g6 28. Re1 Rdd2 29. f4 Bd4 30. Nxd4 cxd4 31. Re8+ Kg7 32. R8e7 Rxb3 33. Rd7
Rbb2 34. h4 Rb3 35. Kh1 h5 36. Rc1 a5 37. Re1 b6 38. Rc1 Rb4 39. Rb7 d3 40. Kg1
Rxa4 41. Rxb6 Raa2 42. Rb7 Rg2+ 43. Kh1 d2 44. Rd1 Re2 0-1

[Event "Campeonato de Europa 2011 Femenino"]
[Site "Tbilisi GEO"]
[Date "2011.05.12"]
[Round "6.56"]
[White "Ikonomopoulou, Maria"]
[Black "Gogishvili, Dea"]
[Result "1/2-1/2"]
[WhiteElo "2121"]
[BlackElo "1856"]
[PlyCount "121"]
[EventDate "2011.05.07"]
[EventType "swiss"]
[EventRounds "11"]
[EventCountry "GEO"]
[Source "lmi"]
[SourceDate "2011.05.07"]

1. e4 c5 2. Nf3 e6 3. c4 Nc6 4. Nc3 e5 5. Be2 d6 6. O-O g6 7. d3 Bg7 8. Ne1
Nge7 9. Nc2 O-O 10. a3 f5 11. b4 Nd4 12. Rb1 f4 13. Nxd4 cxd4 14. Na4 Be6 15.
c5 d5 16. c6 bxc6 17. Nc5 Bf7 18. Bg4 Qd6 19. a4 h5 20. Bf3 Rfc8 21. Ba3 Bf8
22. Qe2 Kh7 23. Rfe1 Bg7 24. Rbc1 a6 25. Rc2 Ng8 26. Rec1 Nf6 27. Bb2 Nd7 28.
exd5 cxd5 29. Nb7 Rxc2 30. Nxd6 Rxe2 31. Bxe2 Be6 32. Rc6 Nf6 33. Nb7 Bd7 34.
Rc7 Rc8 35. Rxc8 Bxc8 36. Nd6 Bd7 37. b5 axb5 38. axb5 Ne8 39. Nxe8 Bxe8 40. b6
Bc6 41. Ba3 Kg8 42. Bd6 Kf7 43. g3 fxg3 44. hxg3 Ke6 45. Bc7 Bb7 46. Kf1 Bf8
47. g4 h4 48. f4 e4 49. Kg2 Kd7 50. Be5 Bc5 51. f5 gxf5 52. g5 Bf8 53. g6 Kc6
54. Bxd4 Ba6 55. g7 Bxg7 56. Bxg7 Bxd3 57. Bxd3 exd3 58. Kf2 Kxb6 59. Ke3 f4+
60. Kxd3 Kc5 61. Be5 1/2-1/2

[Event "Campeonato de Europa 2011 Femenino"]
[Site "Tbilisi GEO"]
[Date "2011.05.12"]
[Round "6.58"]
[White "Bokuchava, Madona"]
[Black "Kakutia, Ada"]
[Result "1-0"]
[WhiteElo "2115"]
[BlackElo "1727"]
[PlyCount "89"]
[EventDate "2011.05.07"]
[EventType "swiss"]
[EventRounds "11"]
[EventCountry "GEO"]
[Source "lmi"]
[SourceDate "2011.05.07"]

1. d4 Nf6 2. c4 e6 3. Nf3 b6 4. g3 Bb7 5. Bg2 c5 6. d5 exd5 7. Nh4 Be7 8. cxd5
d6 9. Nf5 O-O 10. Nc3 Na6 11. O-O Nc7 12. e4 Bc8 13. Nxe7+ Qxe7 14. Bg5 h6 15.
Bf4 Nd7 16. Re1 f6 17. a4 Ne5 18. Nb5 Na6 19. Bd2 Nc7 20. Bc3 a6 21. Nxc7 Qxc7
22. b3 Bd7 23. Qd2 b5 24. f4 Ng6 25. axb5 Bxb5 26. Qc2 Qf7 27. Bh3 Qe8 28. Bf5
Ne7 29. Be6+ Kh8 30. e5 fxe5 31. fxe5 Qg6 32. Qxg6 Nxg6 33. exd6 Rad8 34. Ba5
Rxd6 35. Bc7 Rxe6 36. Rxe6 Kh7 37. Rd1 c4 38. bxc4 Bxc4 39. Rc6 Bb5 40. Rb6 Ne7
41. Bd6 Re8 42. Rxb5 axb5 43. Re1 Nf5 44. Rxe8 Nxd6 45. Re6 1-0

[Event "Campeonato de Europa 2011 Femenino"]
[Site "Tbilisi GEO"]
[Date "2011.05.12"]
[Round "6.59"]
[White "Trapaidze, Lizi"]
[Black "Skrabakova, Katarina"]
[Result "0-1"]
[WhiteElo "1744"]
[BlackElo "2071"]
[PlyCount "48"]
[EventDate "2011.05.07"]
[EventType "swiss"]
[EventRounds "11"]
[EventCountry "GEO"]
[Source "lmi"]
[SourceDate "2011.05.07"]

1. e4 e6 2. d4 d5 3. exd5 exd5 4. Nf3 Bg4 5. h3 Bh5 6. Qe2+ Be7 7. Qb5+ Nc6 8.
Qxb7 Nb4 9. Bb5+ Kf8 10. Ne5 Nf6 11. Nc6 Nxc6 12. Bxc6 Rb8 13. Qxa7 Bg6 14. O-O
Rb6 15. Qa8 Bxc2 16. Nc3 Qxa8 17. Bxa8 c6 18. Bf4 Bf5 19. g4 Bd7 20. g5 Nh5 21.
Bh2 Ra6 22. Nxd5 Rxa8 23. Nb6 Ra7 24. h4 Bf5 0-1

[Event "Campeonato de Europa 2011 Femenino"]
[Site "Tbilisi GEO"]
[Date "2011.05.12"]
[Round "6.60"]
[White "Tedoshvili, Ana"]
[Black "Jalabadze, Natia"]
[Result "0-1"]
[WhiteElo "1469"]
[BlackElo "2052"]
[PlyCount "104"]
[EventDate "2011.05.07"]
[EventType "swiss"]
[EventRounds "11"]
[EventCountry "GEO"]
[Source "lmi"]
[SourceDate "2011.05.07"]

1. d4 Nf6 2. c4 e6 3. a3 b6 4. Bf4 Bb7 5. e3 Be7 6. Nf3 O-O 7. Bd3 Ne4 8. Bxe4
Bxe4 9. Nc3 Bb7 10. O-O d6 11. e4 Nd7 12. e5 dxe5 13. Nxe5 Nf6 14. Re1 c5 15.
dxc5 Bxc5 16. Bg5 Be7 17. Qxd8 Rfxd8 18. Rad1 h6 19. Bh4 g5 20. Bg3 Nh5 21. Nb5
Nxg3 22. hxg3 a6 23. Nd4 Bf6 24. f4 Rd6 25. Ndf3 Rad8 26. Rxd6 Rxd6 27. b4 Bxe5
28. Rxe5 Bxf3 29. gxf3 gxf4 30. gxf4 Rd3 31. Kf2 Rxa3 32. f5 exf5 33. Rxf5 Rb3
34. b5 axb5 35. cxb5 Kg7 36. Kg3 Kg6 37. Rd5 f6 38. Kg4 Rb1 39. Kg3 Rg1+ 40.
Kf4 Rg5 41. Rd8 Rxb5 42. Kg4 h5+ 43. Kg3 Rg5+ 44. Kh3 Rf5 45. Kg3 b5 46. Rb8
Kf7 47. Rb6 Ke7 48. f4 Rc5 49. Kh4 Kf7 50. Rb8 Kg6 51. Rg8+ Kf5 52. Kxh5 Rc1
0-1

[Event "Campeonato de Europa 2011 Femenino"]
[Site "Tbilisi GEO"]
[Date "2011.05.12"]
[Round "6.61"]
[White "Khomeriki, Nino"]
[Black "Kobeshavidze, Lika"]
[Result "1-0"]
[WhiteElo "1832"]
[BlackElo "1988"]
[PlyCount "58"]
[EventDate "2011.05.07"]
[EventType "swiss"]
[EventRounds "11"]
[EventCountry "GEO"]
[Source "lmi"]
[SourceDate "2011.05.07"]

1. d4 d5 2. e3 g6 3. Bd3 Bg7 4. f4 Nf6 5. Nf3 Bg4 6. Nbd2 e6 7. O-O O-O 8. b3
Bf5 9. Qe2 Nbd7 10. Bb2 Rc8 11. Ne5 c5 12. Kh1 a6 13. a4 Re8 14. Rg1 Nxe5 15.
dxe5 Ng4 16. e4 dxe4 17. Nxe4 Bxe4 18. Bxe4 h5 19. Bxb7 Rc7 20. Rgd1 Rd7 21.
Rxd7 Qxd7 22. Bxa6 Rd8 23. Bd3 Qa7 24. h3 c4 25. Bxc4 Qe7 26. hxg4 Qh4+ 27. Kg1
hxg4 28. Bd3 Bh6 29. Qe4 Bf8 1-0